000 00661nam a22002057a 4500
005 20171012151354.0
010 _aENG-120855
020 _c635.00
_a9788123019444
035 _aEN-104387
037 _bDBAD/PUB
082 _a320.954
100 _aManmohan, Singh
245 _a Prime Minister Manmohan Singh :
_cby Manmohan Singh
_b selected speeches /
260 _aNew Delhi
_bPublications Division
_c2014
270 _a Ministry Of Information and Broadcasting
_bNew Delhi
_e110003
300 _aVol-7(324p.)
_c25cm.(Hb)
500 _aIncludes index
505 _aVol-7- December 2010 to May 2011
942 _2ddc
_cEN
_h320.954
_mMAN
999 _c146559
_d146559